000 00412cam a2200169ua 4500
020 _c0.80
041 _amal
_h
082 _a500
_bNAM/PR
100 _aNamboodiripad, .
245 _aPrakrithi sasthrathiloode /
_cNamboodiripad.
_hTextual Documents
260 _aKottayam :
_bNational Book Stall ,
_c1955.
300 _a65 ; .
365 _a0.80
504 _a
942 _cBK
999 _c5026
_d5026